| 000 | 00659cam a22002291 4500 | ||
|---|---|---|---|
| 001 | sa 65003782 | ||
| 003 | DLC | ||
| 005 | 20260227112125.0 | ||
| 008 | 851105s1965 ii 000 0btelx | ||
| 010 | _asa 65003782 | ||
| 025 | _aPL480:I-Te-1000 | ||
| 035 | _a(OCoLC)13893385 | ||
| 040 |
_aDLC _cNN _dDLC |
||
| 042 | _apremarc | ||
| 050 | 0 | 0 |
_aDS479.1.T54 _bS9 |
| 100 | 2 | _aSuryanarayana Murty, Yarramilli. | |
| 245 | 1 | 0 |
_aLōkamānya Tilak. _cRacana: Yarramilli Sūryanārāyaṇa mūrti. |
| 260 |
_aTaṇuku, _bRavīndra Pabliṣiṅg Haus _c[1964] |
||
| 300 |
_a112 p. _c18 cm. |
||
| 500 | _aIn Telugu. | ||
| 600 | 1 | 0 |
_aTilak, Bal Gangadhar, _d1856-1920. |
| 999 |
_c63358 _d63358 |
||